The Man Who Can't Be Moved - The Script (All Lyrics) - Statistics

General Stats
  • This quiz has been taken 194 times
  • The average score is 356 of 407
Answer Stats
Answer % Correct
I
100%
you
100%
you?
100%
a
99%
the
99%
to
99%
to,
99%
me
98%
me)
98%
where
98%
can
97%
I'm
97%
in
97%
move
97%
on
97%
be
96%
"If
96%
if
96%
If
96%
who
96%
your
96%
And
95%
and
95%
her
95%
man
95%
no
95%
see
95%
corner
94%
go"
94%
my
94%
day
93%
day,
93%
Gonna
93%
gonna
93%
heart
93%
not
93%
back
92%
first
92%
saw
92%
So
92%
that
92%
this
92%
you're
92%
Going
91%
one
91%
up
91%
wake
90%
can't
89%
find
89%
tell
89%
missing
88%
starts
88%
you'll
88%
wonder
87%
am?"
86%
just
86%
of
86%
bag,
85%
'Cause
85%
could
85%
do?
85%
for
85%
maybe
85%
sleeping
85%
Earth
84%
it
84%
love
84%
moved
84%
place
84%
street
84%
when
84%
with
84%
come
83%
how
83%
moving
83%
some
83%
Some
83%
waiting
83%
what
83%
broke,
82%
broken
82%
girl,
82%
hearted
82%
know
82%
but
81%
Got
81%
got
81%
don't
80%
else
80%
money,
80%
she
79%
they
79%
camp
78%
hand
78%
it's
78%
still
78%
will
78%
is
77%
meet
77%
understand
77%
picture
76%
here
75%
here"
75%
sense
75%
try
75%
makes
74%
month,
74%
Saying,
74%
year
74%
words
72%
cardboard,
70%
mind,
69%
changes
68%
I'll
68%
stay
68%
Thinking
68%
we'd
68%
as
67%
news
66%
(oh,
65%
or
65%
running
64%
mean
63%
shoes
63%
There
63%
People
62%
get
61%
famous
60%
said,
60%
won't
60%
rains
59%
says,
59%
stand
59%
ground
58%
his
58%
Policeman
58%
snows
58%
even
57%
"Son,
57%
about
56%
guy
56%
someone
56%
who's
56%
hole
55%
talk
54%
big
53%
world,
53%
"There's
52%
are
51%
holes
50%
Gotta
47%
woah
20%
hmm
13%
No matching quizzes found
Score Distribution
Percent of People with Each Score
Percentile by Number Answered
Your Score History
You have not taken this quiz